000 00526nam a22001817a 4500
003 BD-ChCU
005 20260517092111.0
008 260517b bg ||||| |||| 00| 0 ben d
040 _cBD-ChCU
082 _a330.1 ULS
100 _aUlmer , Melville J.
_923072
245 _aStudents manual for economics :
_bTheory and practice ./
_cMelvile J . Ulmer .
250 _a2nd ed .
260 _aBoston :
_bHoughton Mifflin ,
_cC 1959
300 _aviii , 352p.
650 0 _aEconomics , theory of .
_923073
942 _2ddc
_cBK
_n0
999 _c113016
_d113016